[Event "RUS-chT Blitz Men 2018"]
[Site "Sochi"]
[Date "2018.10.10"]
[Round "11"]
[White "Ozgibcev, Anatoly"]
[Black "Chos, Alexey"]
[Result "1-0"]
[WhiteElo "2368"]
[BlackElo "2296"]
[Annotator "NA"]
[PlyCount "87"]
[EventDate "2018.10.10"]
[EventType "swiss"]
[EventCountry "RUS"]
[SourceTitle "playchess.com"]
[Source "ChessBase"]
[SourceQuality "1"]
[TimeControl "180+2"]

1. e4 {[%emt 0:00:00]} e5 {[%emt 0:00:00]} 2. Nf3 {[%emt 0:00:00]} Nc6 {[%emt 0:00:00]} 3. Bc4 {[%emt 0:00:01]} Be7 {[%emt 0:00:03]} 4. d4 {[%emt 0:00:03]} d6 {[%emt 0:00:06]} 5. dxe5 {[%emt 0:00:02]} Nxe5 {[%emt 0:00:04]} 6. Nxe5 {[%emt 0:00:02]} dxe5 {[%emt 0:00:01]} 7. Qh5 {[%emt 0:00:03]} g6 {[%emt 0:00:15]} 8. Qxe5 {[%emt 0:00:02]} Nf6 {[%emt 0:00:01]} 9. Bh6 {[%emt 0:00:06]} Rg8 {[%emt 0:00:09]} 10. Bg5 {[%emt 0:00:11]} Kf8 {[%emt 0:00:31]} 11. Nc3 {[%emt 0:00:04]} c6 {[%emt 0:00:16]} 12. Rd1 {[%emt 0:00:06]} Nd7 {[%emt 0:00:03]} 13. Qf4 {[%emt 0:00:29]} Qe8 {[%emt 0:00:20]} 14. Bh6+ {[%emt 0:00:13]} Rg7 {[%emt 0:00:01]} 15. O-O {[%emt 0:00:08]} Kg8 {[%emt 0:00:06]} 16. Qg3 {[%emt 0:00:22]} Bf6 {[%emt 0:00:11]} 17. Bxg7 {[%emt 0:00:17]} Bxg7 {[%emt 0:00:02]} 18. Rfe1 {[%emt 0:00:09]} Ne5 {[%emt 0:00:06]} 19. Bb3 {[%emt 0:00:01]} a5 {[%emt 0:00:02]} 20. a4 {[%emt 0:00:07]} Be6 {[%emt 0:00:07]} 21. f4 {[%emt 0:00:08]} Ng4 {[%emt 0:00:13]} 22. Bxe6 {[%emt 0:00:14]} Qxe6 {[%emt 0:00:03]} 23. h3 {[%emt 0:00:05]} Nf6 {[%emt 0:00:08]} 24. e5 {[%emt 0:00:03]} Nh5 {[%emt 0:00:03]} 25. Qf3 {[%emt 0:00:06]} Qc4 {[%emt 0:00:07]} 26. Re4 {[%emt 0:00:04]} Qc5+ {[%emt 0:00:03]} 27. Qf2 {[%emt 0:00:01]} Qe7 {[%emt 0:00:03]} 28. Red4 {[%emt 0:00:02]} Bh6 {[%emt 0:00:04]} 29. g3 {[%emt 0:00:06]} Bf8 {[%emt 0:00:06]} 30. Kg2 {[%emt 0:00:04]} Qe8 {[%emt 0:00:08]} 31. Ne4 {[%emt 0:00:05]} c5 {[%emt 0:00:07]} 32. Rd7 {[%emt 0:00:03]} Qe6 {[%emt 0:00:06]} 33. Rxb7 {[%emt 0:00:07]} Qc6 {[%emt 0:00:01]} 34. Qf3 {[%emt 0:00:04]} Qxa4 {[%emt 0:00:13]} 35. b3 {[%emt 0:00:07]} Qa2 {[%emt 0:00:04]} 36. Rd2 {[%emt 0:00:03]} Bh6 {[%emt 0:00:08]} 37. Nd6 {[%emt 0:00:05]} Rf8 {[%emt 0:00:06]} 38. Ra7 {[%emt 0:00:03]} Qb1 {[%emt 0:00:05]} 39. Re2 {[%emt 0:00:02]} Qc1 {[%emt 0:00:03]} 40. Rf2 {[%emt 0:00:01]} Qe1 41. Rc7 {[%emt 0:00:04]} Qc1 {[%emt 0:00:07]} 42. Rxc5 {[%emt 0:00:02]} a4 {[%emt 0:00:02]} 43. bxa4 {[%emt 0:00:02]} Qa1 {[%emt 0:00:02]} 44. Qd1 1-0

[Event "RUS-chT Blitz Men 2018"]
[Site "Sochi"]
[Date "2018.10.10"]
[Round "11"]
[White "Tenikashvili, Georgij"]
[Black "Chizhikov, Vladislav"]
[Result "0-1"]
[WhiteElo "2361"]
[BlackElo "2304"]
[Annotator "NA"]
[PlyCount "110"]
[EventDate "2018.10.10"]
[EventType "swiss"]
[EventCountry "RUS"]
[SourceTitle "playchess.com"]
[Source "ChessBase"]
[SourceQuality "1"]
[TimeControl "180+2"]

1. d4 {[%emt 0:00:00]} d5 {[%emt 0:00:00]} 2. c4 {[%emt 0:00:00]} e5 {[%emt 0:00:00]} 3. dxe5 {[%emt 0:00:02]} d4 {[%emt 0:00:00]} 4. Nf3 {[%emt 0:00:02]} Nc6 {[%emt 0:00:01]} 5. a3 {[%emt 0:00:09]} Bg4 {[%emt 0:00:02]} 6. Bf4 {[%emt 0:00:15]} Nge7 {[%emt 0:00:02]} 7. Nbd2 {[%emt 0:00:03]} Ng6 {[%emt 0:00:02]} 8. Bg3 {[%emt 0:00:01]} Qe7 {[%emt 0:00:01]} 9. h3 {[%emt 0:00:24]} Bh5 {[%emt 0:00:07]} 10. Qb3 {[%emt 0:00:04]} O-O-O {[%emt 0:00:05]} 11. O-O-O {[%emt 0:00:13]} Ngxe5 {[%emt 0:00:06]} 12. Bh2 {[%emt 0:00:49]} Bg6 {[%emt 0:00:03]} 13. g4 {[%emt 0:00:07]} d3 {[%emt 0:00:10]} 14. Nxe5 {[%emt 0:00:07]} Nxe5 {[%emt 0:00:02]} 15. Bxe5 {[%emt 0:00:13]} Qxe5 {[%emt 0:00:01]} 16. exd3 {[%emt 0:00:06]} Bc5 {[%emt 0:00:10]} 17. Bg2 {[%emt 0:00:08]} c6 {[%emt 0:00:05]} 18. Ne4 {[%emt 0:00:06]} Bxe4 {[%emt 0:00:07]} 19. Bxe4 {[%emt 0:00:01]} Bxf2 {[%emt 0:00:10]} 20. Rhf1 {[%emt 0:00:11]} Be3+ {[%emt 0:00:01]} 21. Kb1 {[%emt 0:00:00]} f6 {[%emt 0:00:04]} 22. Rf3 {[%emt 0:00:11]} Bd4 {[%emt 0:00:02]} 23. Qc2 {[%emt 0:00:14]} Kb8 {[%emt 0:00:04]} 24. Rf5 {[%emt 0:00:01]} Qc7 {[%emt 0:00:04]} 25. Rff1 {[%emt 0:00:07]} h5 {[%emt 0:00:08]} 26. Qg2 {[%emt 0:00:02]} hxg4 {[%emt 0:00:02]} 27. Qxg4 {[%emt 0:00:03]} Qb6 {[%emt 0:00:11]} 28. Rd2 {[%emt 0:00:01]} Qc7 {[%emt 0:00:02]} 29. Ka2 {[%emt 0:00:02]} a5 {[%emt 0:00:06]} 30. Rg2 {[%emt 0:00:05]} g5 {[%emt 0:00:04]} 31. Bf5 {[%emt 0:00:03]} Be5 {[%emt 0:00:01]} 32. Qd1 {[%emt 0:00:03]} Rd4 {[%emt 0:00:06]} 33. Qb3 {[%emt 0:00:02]} Rhd8 {[%emt 0:00:06]} 34. Be4 {[%emt 0:00:01]} Ka7 {[%emt 0:00:04]} 35. Rh1 {[%emt 0:00:02]} Qd7 {[%emt 0:00:12]} 36. Rf2 {[%emt 0:00:03]} Bf4 {[%emt 0:00:04]} 37. Rg2 {[%emt 0:00:02]} f5 {[%emt 0:00:02]} 38. Bf3 {[%emt 0:00:08]} Rxd3 {[%emt 0:00:01]} 39. Qa4 {[%emt 0:00:02]} Rxf3 {[%emt 0:00:03]} 40. Qxa5+ Kb8 41. h4 {[%emt 0:00:04]} g4 {[%emt 0:00:02]} 42. Rgg1 {[%emt 0:00:02]} Rd3 {[%emt 0:00:04]} 43. Re1 {[%emt 0:00:01]} Bc7 {[%emt 0:00:02]} 44. Qb4 {[%emt 0:00:01]} Qd4 {[%emt 0:00:05]} 45. Re7 {[%emt 0:00:02]} Re3 {[%emt 0:00:13]} 46. h5 {[%emt 0:00:03]} Rxe7 {[%emt 0:00:02]} 47. Qxe7 Qxc4+ {[%emt 0:00:00]} 48. Ka1 {[%emt 0:00:02]} Qb3 {[%emt 0:00:08]} 49. h6 {[%emt 0:00:02]} Rd1+ {[%emt 0:00:01]} 50. Rxd1 {[%emt 0:00:00]} Qxd1+ {[%emt 0:00:01]} 51. Ka2 {[%emt 0:00:01]} Qd5+ {[%emt 0:00:01]} 52. Ka1 {[%emt 0:00:01]} Qh1+ {[%emt 0:00:01]} 53. Ka2 {[%emt 0:00:01]} Qxh6 {[%emt 0:00:02]} 54. Qe8+ {[%emt 0:00:05]} Ka7 {[%emt 0:00:00]} 55. Qe3+ {[%emt 0:00:03]} Qxe3 {[%emt 0:00:02]} 0-1

[Event "RUS-chT Blitz Men 2018"]
[Site "Sochi"]
[Date "2018.10.10"]
[Round "11"]
[White "Derjabin, Ilja"]
[Black "Belyakov, Bogdan"]
[Result "1/2-1/2"]
[WhiteElo "2345"]
[BlackElo "2458"]
[Annotator "TA"]
[PlyCount "64"]
[EventDate "2018.10.10"]
[EventType "swiss"]
[EventCountry "RUS"]
[SourceTitle "playchess.com"]
[Source "ChessBase"]
[SourceQuality "1"]

{[%evp 19,64,-13,-6,-36,-13,-10,-23,-17,-22,-47,-49,-49,-55,-83,-34,-64,3,-32,-31,-38,0,-36,0,0,0,0,0,-81,56,0,0,0,434,431,424,420,410,378,926,0,383,0,851,0,350,0,778]} 1. Nf3 Nf6 2. g3 g6 3. Bg2 Bg7 4. O-O O-O 5. d3 c5 6. e4 d6 7. Re1 Nc6 8. Nbd2 {[%cal Bb1d2,Bd2f1,Bf1e3,Be3c4][%mdl 32]} e5 9. c3 Rb8 10. a4 a6 {LiveBook: 3 Partien} 11. c4 $146 {A05: Übergänge in verschiedene Eröffnungen} ({Vorgänger:} 11. Nc4 b5 12. axb5 axb5 13. Ne3 Qb6 {½-½ (13) Abramovic,B (2520)-Ivanovic,B (2535) Banja Vrucica 1991}) 11... h6 12. Nf1 b5 13. axb5 {Schwarz hat minimalen Vorteil.} axb5 14. cxb5 Rxb5 15. Ne3 Be6 16. Nc4 Nd4 17. Nxd4 exd4 ({Besser ist} 17... cxd4 $15 18. Ra6 Bxc4 19. dxc4 Ra5) 18. Ra6 Bxc4 $1 19. dxc4 Rb4 20. Bf4 Ne8 21. e5 dxe5 22. Bxe5 Rxb2 23. Bd5 (23. Bf4 $11 {hält das Gleichgewicht.}) 23... Kh7 (23... Bxe5 $17 24. Rxe5 Nf6) 24. Qf3 (24. Ra8 $14 Qd7 25. Qf3) 24... Bxe5 $11 25. Rxe5 Qc7 $2 {[%mdl 8192] [#]} (25... Kg7 $1 $11 {und Schwarz steht sicher.}) 26. Rxe8 $1 $18 {[%mdl 512]} Rxe8 27. Bxf7 Re1+ 28. Kg2 Rb6 $2 (28... Qe7 29. Bxg6+ Kg7) 29. Ra8 $2 ({Weiss kommt nicht vorbei an} 29. Rxb6 $18 {Weiss droht Df6 und Matt.} Qxb6 30. Qa8) 29... Rb8 $2 {[%mdl 8192] [#]} (29... Qc6 $11 30. Bd5 (30. Bg8+ Kg7 $11) 30... Qf6 31. Ra7+ Kh8) 30. Ra6 $2 (30. Qf6 $1 {[%mdl 512]} Qb7+ 31. f3 Rg1+ 32. Kh3 Qc8+ 33. Be6 (33. g4 Qxg4+ 34. fxg4 Rb3+ 35. Kh4 g5+ 36. Qxg5 hxg5+ 37. Kxg5 Rh3 $11) 33... Rxa8 34. Bxc8 Rxc8 35. Qf7+ Kh8 36. Qxg6) 30... Rb6 31. Ra8 $2 ({Weiss braucht} 31. Rxb6 $18 {Droht Matt per Df6.} Qxb6 32. Qa8) 31... Rb8 $2 {[%mdl 8192] [#]} (31... h5 $11 {und Schwarz muss sich keine Sorgen machen.} 32. Bd5 Rb8) 32. Ra6 $2 (32. Qf6 $1 {[%mdl 512]} Qb7+ 33. f3 Rg1+ 34. Kh3 Qc8+ 35. Be6 (35. g4 Qxg4+ 36. fxg4 Rb3+ 37. Kh4 g5+ 38. Qxg5 hxg5+ 39. Kxg5 Rh3 $11) 35... Rxa8 36. Qf7+ Kh8 37. Bxc8 Rxc8 38. Qxg6) 32... Rb6 {[%mdl 32768] Precision: Weiß = 25%, Schwarz = 31%. . An unexpected result.} 1/2-1/2

[Event "RUS-chT Blitz Men 2018"]
[Site "Sochi"]
[Date "2018.10.10"]
[Round "11"]
[White "Ivlev, Aleksey"]
[Black "Nazaretyan, Tigran"]
[Result "0-1"]
[WhiteElo "2326"]
[BlackElo "2248"]
[Annotator "NA"]
[PlyCount "112"]
[EventDate "2018.10.10"]
[EventType "swiss"]
[EventCountry "RUS"]
[SourceTitle "playchess.com"]
[Source "ChessBase"]
[SourceQuality "1"]
[TimeControl "180+2"]

1. d4 {[%emt 0:00:00]} Nf6 {[%emt 0:00:00]} 2. c4 {[%emt 0:00:00]} c5 {[%emt 0:00:00]} 3. d5 {[%emt 0:00:00]} e6 {[%emt 0:00:01]} 4. Nc3 {[%emt 0:00:01]} exd5 {[%emt 0:00:01]} 5. cxd5 {[%emt 0:00:01]} d6 {[%emt 0:00:01]} 6. Nf3 {[%emt 0:00:01]} g6 {[%emt 0:00:03]} 7. Bf4 {[%emt 0:00:00]} Bg7 {[%emt 0:00:01]} 8. Qa4+ {[%emt 0:00:01]} Bd7 {[%emt 0:00:03]} 9. Qb3 {[%emt 0:00:01]} Bc8 {[%emt 0:00:35]} 10. h3 {[%emt 0:00:02]} O-O {[%emt 0:00:01]} 11. e3 {[%emt 0:00:00]} a6 {[%emt 0:00:01]} 12. a4 {[%emt 0:00:02]} Qc7 {[%emt 0:00:14]} 13. Be2 {[%emt 0:00:01]} Nbd7 {[%emt 0:00:02]} 14. O-O {[%emt 0:00:01]} Re8 {[%emt 0:00:01]} 15. Bh2 {[%emt 0:00:07]} Ne4 {[%emt 0:00:04]} 16. Qc2 {[%emt 0:00:22]} Ndf6 {[%emt 0:00:06]} 17. Rab1 {[%emt 0:00:19]} Bf5 {[%emt 0:00:10]} 18. g4 {[%emt 0:00:57]} Nxc3 {[%emt 0:00:18]} 19. gxf5 {[%emt 0:00:08]} Nxb1 {[%emt 0:00:03]} 20. fxg6 {[%emt 0:00:00]} hxg6 {[%emt 0:00:06]} 21. Rxb1 {[%emt 0:00:04]} Rad8 {[%emt 0:00:14]} 22. Bc4 {[%emt 0:00:02]} Qe7 {[%emt 0:00:05]} 23. Nd2 {[%emt 0:00:03]} Ne4 {[%emt 0:00:03]} 24. Nxe4 {[%emt 0:00:19]} Qxe4 {[%emt 0:00:02]} 25. Qxe4 {[%emt 0:00:01]} Rxe4 {[%emt 0:00:01]} 26. b3 {[%emt 0:00:01]} Be5 {[%emt 0:00:10]} 27. Bxe5 {[%emt 0:00:23]} Rxe5 {[%emt 0:00:01]} 28. a5 {[%emt 0:00:08]} Rb8 {[%emt 0:00:07]} 29. Ra1 {[%emt 0:00:02]} f5 {[%emt 0:00:03]} 30. Kg2 {[%emt 0:00:01]} Kf7 {[%emt 0:00:02]} 31. Kg3 {[%emt 0:00:08]} Kf6 {[%emt 0:00:03]} 32. Ra2 {[%emt 0:00:04]} g5 {[%emt 0:00:02]} 33. Ra1 {[%emt 0:00:02]} Re7 {[%emt 0:00:02]} 34. Ra2 {[%emt 0:00:17]} Rh7 {[%emt 0:00:02]} 35. Bf1 {[%emt 0:00:07]} Ke5 {[%emt 0:00:03]} 36. Rd2 {[%emt 0:00:07]} b5 {[%emt 0:00:07]} 37. axb6 {[%emt 0:00:04]} Rxb6 {[%emt 0:00:01]} 38. Bc4 {[%emt 0:00:01]} f4+ {[%emt 0:00:04]} 39. exf4+ {[%emt 0:00:04]} gxf4+ {[%emt 0:00:01]} 40. Kg4 {[%emt 0:00:00]} Rg7+ {[%emt 0:00:02]} 41. Kf3 {[%emt 0:00:01]} Rf7 {[%emt 0:00:23]} 42. Re2+ {[%emt 0:00:01]} Kd4 {[%emt 0:00:01]} 43. Rd2+ {[%emt 0:00:05]} Kc3 44. Rd3+ Kc2 {[%emt 0:00:01]} 45. Ke2 {[%emt 0:00:08]} a5 {[%emt 0:00:02]} 46. Rd2+ {[%emt 0:00:00]} Kc3 {[%emt 0:00:02]} 47. Rd3+ {[%emt 0:00:02]} Kb4 {[%emt 0:00:00]} 48. Rd2 {[%emt 0:00:07]} a4 {[%emt 0:00:02]} 49. Rb2 {[%emt 0:00:02]} Kc3 {[%emt 0:00:10]} 50. Rb1 {[%emt 0:00:05]} axb3 {[%emt 0:00:01]} 51. Bd3 {[%emt 0:00:00]} b2 {[%emt 0:00:02]} 52. h4 {[%emt 0:00:03]} f3+ {[%emt 0:00:03]} 53. Ke3 {[%emt 0:00:02]} Re7+ {[%emt 0:00:01]} 54. Be4 {[%emt 0:00:00]} Rb4 {[%emt 0:00:01]} 55. Kxf3 {[%emt 0:00:02]} Rbxe4 {[%emt 0:00:01]} 56. h5 {[%emt 0:00:01]} Re1 {[%emt 0:00:01]} 0-1

[Event "RUS-chT Blitz Men 2018"]
[Site "Sochi"]
[Date "2018.10.10"]
[Round "11"]
[White "Inozemtsev, Sergei"]
[Black "Alexeev, Alexey"]
[Result "1-0"]
[WhiteElo "2310"]
[BlackElo "2287"]
[Annotator "NA"]
[PlyCount "111"]
[EventDate "2018.10.10"]
[EventType "swiss"]
[EventCountry "RUS"]
[SourceTitle "playchess.com"]
[Source "ChessBase"]
[SourceQuality "1"]
[TimeControl "180+2"]

1. e4 {[%emt 0:00:00]} e6 {[%emt 0:00:00]} 2. d4 {[%emt 0:00:01]} d5 {[%emt 0:00:00]} 3. e5 {[%emt 0:00:01]} c5 {[%emt 0:00:01]} 4. c3 {[%emt 0:00:01]} Nc6 {[%emt 0:00:01]} 5. Nf3 {[%emt 0:00:01]} Bd7 {[%emt 0:00:01]} 6. a3 {[%emt 0:00:04]} Nge7 {[%emt 0:00:02]} 7. Bd3 {[%emt 0:00:04]} cxd4 {[%emt 0:00:11]} 8. cxd4 {[%emt 0:00:02]} Qb6 {[%emt 0:00:02]} 9. Bc2 {[%emt 0:00:02]} Nf5 {[%emt 0:00:17]} 10. Bxf5 {[%emt 0:00:02]} exf5 {[%emt 0:00:01]} 11. O-O {[%emt 0:00:03]} Be7 {[%emt 0:00:07]} 12. Nc3 {[%emt 0:00:03]} Be6 {[%emt 0:00:01]} 13. b4 {[%emt 0:00:01]} h6 {[%emt 0:00:05]} 14. h4 {[%emt 0:00:02]} Rd8 {[%emt 0:00:09]} 15. Be3 {[%emt 0:00:04]} f4 {[%emt 0:00:06]} 16. Bxf4 {[%emt 0:00:02]} Bg4 {[%emt 0:00:00]} 17. Be3 {[%emt 0:00:06]} Bxh4 {[%emt 0:00:08]} 18. Re1 {[%emt 0:00:11]} Bg5 {[%emt 0:00:04]} 19. Rc1 {[%emt 0:00:18]} O-O {[%emt 0:00:06]} 20. Bxg5 {[%emt 0:00:02]} hxg5 {[%emt 0:00:01]} 21. Na4 {[%emt 0:00:05]} Bxf3 {[%emt 0:00:32]} 22. Qxf3 {[%emt 0:00:03]} Qxd4 {[%emt 0:00:03]} 23. Qg3 {[%emt 0:00:04]} Qf4 {[%emt 0:00:11]} 24. Qxf4 {[%emt 0:00:02]} gxf4 {[%emt 0:00:01]} 25. Nc5 {[%emt 0:00:02]} b6 {[%emt 0:00:06]} 26. Nd3 {[%emt 0:00:01]} Nd4 {[%emt 0:00:10]} 27. Nxf4 {[%emt 0:00:02]} Ne6 {[%emt 0:00:01]} 28. Nd3 {[%emt 0:00:02]} Rc8 {[%emt 0:00:03]} 29. f4 {[%emt 0:00:01]} g6 {[%emt 0:00:01]} 30. g4 {[%emt 0:00:02]} Rc4 {[%emt 0:00:06]} 31. Rf1 {[%emt 0:00:18]} Rfc8 {[%emt 0:00:03]} 32. Rcd1 {[%emt 0:00:02]} Rc2 {[%emt 0:00:06]} 33. Rf2 {[%emt 0:00:04]} Rxf2 {[%emt 0:00:03]} 34. Kxf2 {[%emt 0:00:01]} Rc2+ {[%emt 0:00:01]} 35. Ke3 {[%emt 0:00:01]} Rc3 {[%emt 0:00:05]} 36. f5 {[%emt 0:00:01]} gxf5 {[%emt 0:00:07]} 37. gxf5 {[%emt 0:00:01]} Nc7 {[%emt 0:00:02]} 38. Kf4 {[%emt 0:00:04]} Rxa3 {[%emt 0:00:03]} 39. Kg5 {[%emt 0:00:05]} Ne8 {[%emt 0:00:08]} 40. Nf4 {[%emt 0:00:05]} Rg3+ {[%emt 0:00:04]} 41. Kh4 {[%emt 0:00:01]} Re3 {[%emt 0:00:08]} 42. Rxd5 {[%emt 0:00:03]} Re4 {[%emt 0:00:08]} 43. Kg3 {[%emt 0:00:03]} Rxb4 {[%emt 0:00:02]} 44. Nh5 {[%emt 0:00:03]} Nc7 45. Rd8+ {[%emt 0:00:09]} Kh7 {[%emt 0:00:20]} 46. Rd7 {[%emt 0:00:01]} Rc4 {[%emt 0:00:02]} 47. Rxf7+ {[%emt 0:00:07]} Kh6 {[%emt 0:00:01]} 48. Nf4 {[%emt 0:00:06]} Kg5 {[%emt 0:00:03]} 49. Nh3+ {[%emt 0:00:02]} Kh6 {[%emt 0:00:02]} 50. e6 {[%emt 0:00:01]} Re4 {[%emt 0:00:03]} 51. Rxc7 {[%emt 0:00:02]} a5 {[%emt 0:00:05]} 52. Kf3 {[%emt 0:00:04]} Re1 {[%emt 0:00:01]} 53. e7 {[%emt 0:00:05]} a4 {[%emt 0:00:05]} 54. Nf4 {[%emt 0:00:03]} a3 {[%emt 0:00:02]} 55. Ne6 {[%emt 0:00:04]} a2 {[%emt 0:00:02]} 56. e8=Q {[%emt 0:00:01]} 1-0

[Event "RUS-chT Blitz Men 2018"]
[Site "Sochi"]
[Date "2018.10.10"]
[Round "11"]
[White "Truskavetsky, Alexandr"]
[Black "Pogromsky, Mikhail"]
[Result "0-1"]
[WhiteElo "2307"]
[BlackElo "2415"]
[Annotator "TA"]
[PlyCount "96"]
[EventDate "2018.10.10"]
[EventType "swiss"]
[EventCountry "RUS"]
[SourceTitle "playchess.com"]
[Source "ChessBase"]
[SourceQuality "1"]

{[%evp 15,96,0,0,0,0,-22,-17,-27,-26,-27,-21,-99,4,-16,52,-4,16,0,0,-13,23,0,0,-33,-33,-56,-14,-27,0,-19,19,16,13,16,0,0,0,-11,-11,-108,0,0,0,0,58,0,0,0,0,-68,15,15,15,15,62,62,62,63,63,62,62,67,52,29,79,42,90,23,70,0,5,15,74,72,70,-860,-856,-853,-847,-856,-850,-816,-632]} 1. d4 Nf6 2. c4 e6 3. g3 d5 4. Nf3 g6 5. Bg2 Bg7 6. O-O O-O 7. Nc3 Nc6 8. cxd5 {D77: Fianchetto Grünfeld: 6 0-0: Replies other than 6...c6} (8. Ne5 Ne7 9. Qb3 c6 10. Rd1 Nf5 11. g4 Nxg4 12. Nxg4 Qh4 13. h3 h5 14. Ne5 Nxd4 15. Rxd4 Qxd4 {0-1 (67) Ding,L (2718)-Wang,C (2485) China 2013}) 8... exd5 {LiveBook: 5 Games} 9. Ne5 Ne7 10. Bf4 $146 {The position is equal.} ({Predecessor:} 10. Bg5 c6 11. Qd2 Nf5 12. g4 Nd6 13. h3 Qe8 14. Qf4 {½-½ (14) Grabarczyk,M (2436)-Fries Nielsen,J (2351) Fredericia 2017}) 10... c6 11. b4 a6 12. a4 Nf5 13. h4 (13. e3 $11 {keeps the balance.}) 13... Bd7 (13... Qb6 $17 14. b5 Qxd4 15. Qxd4 Nxd4) 14. Qd2 Nd6 (14... Be6 $11) 15. Bh6 (15. b5 $14) 15... Re8 16. Bxg7 Kxg7 17. e3 b5 18. Nd3 Nc4 19. Qe2 Bg4 20. Qa2 Qd7 21. Nc5 Qf5 22. Rfe1 Bf3 23. Bxf3 Qxf3 24. Qe2 Qf5 25. Kg2 a5 26. bxa5 b4 $36 {[%mdl 2048] Black is more active.} 27. Nb1 (27. Na2 $11) 27... Rxa5 (27... Ne4 $17 {Strongly threatening ...Nxc5.} 28. Nb3 h5) 28. Nd2 $11 Nxd2 $1 29. Qxd2 Rb8 (29... Ne4 $11 30. Nxe4 Qxe4+ 31. Kg1 Rb8) 30. Nb3 (30. f3 $1 $14) 30... Ne4 31. Qc2 Ra6 32. f3 {[#]} ({White should try} 32. Rec1 $11) 32... Nc3 (32... Nxg3 $1 $15 {[%mdl 512]} 33. Qf2 (33. Kxg3 Qxc2) 33... Nh5) 33. Qxf5 gxf5 34. a5 Rb5 35. Kf2 Kf6 36. Rg1 h5 37. Rgc1 Ke7 38. Ke1 Kd6 39. Kd2 Ke7 40. Kd3 Kd6 41. Rg1 (41. Nc5 $16 Rxc5 42. dxc5+ Kxc5 43. g4 hxg4 44. h5) 41... Ke7 42. g4 ({White should play} 42. Kc2 $14) 42... fxg4 43. fxg4 hxg4 (43... Ne4 $1 $11) 44. Rxg4 $16 Ne4 {[#] ...Nf2+ is the strong threat.} 45. h5 $2 {[%mdl 8192]} (45. Rf4 $14) 45... Nf2+ $19 {Black is clearly winning.} 46. Ke2 Nxg4 47. Rg1 Nf6 48. h6 Rbxa5 {Precision: White = 23%, Black = 42%.} 0-1

[Event "RUS-chT Blitz Men 2018"]
[Site "Sochi"]
[Date "2018.10.10"]
[Round "11"]
[White "Uzhva, Andrey"]
[Black "Basiev, Valeriy P."]
[Result "1-0"]
[WhiteElo "2270"]
[BlackElo "1990"]
[Annotator "NA"]
[PlyCount "73"]
[EventDate "2018.10.10"]
[EventType "swiss"]
[EventCountry "RUS"]
[SourceTitle "playchess.com"]
[Source "ChessBase"]
[SourceQuality "1"]
[TimeControl "180+2"]

1. Nf3 {[%emt 0:00:00]} g6 {[%emt 0:00:00]} 2. g3 {[%emt 0:00:01]} Bg7 3. Bg2 {[%emt 0:00:02]} d6 {[%emt 0:00:04]} 4. O-O {[%emt 0:00:03]} e5 {[%emt 0:00:02]} 5. c4 {[%emt 0:00:07]} Ne7 {[%emt 0:00:03]} 6. Nc3 {[%emt 0:00:02]} O-O {[%emt 0:00:01]} 7. d4 {[%emt 0:00:02]} Nd7 {[%emt 0:00:06]} 8. e4 {[%emt 0:00:32]} c6 {[%emt 0:00:01]} 9. Be3 {[%emt 0:00:04]} Qc7 {[%emt 0:00:01]} 10. Qd2 {[%emt 0:00:04]} Re8 {[%emt 0:00:02]} 11. Rfd1 {[%emt 0:00:06]} Nf8 {[%emt 0:00:03]} 12. dxe5 {[%emt 0:00:27]} dxe5 {[%emt 0:00:02]} 13. Bc5 {[%emt 0:00:02]} f6 {[%emt 0:00:16]} 14. Bd6 {[%emt 0:00:17]} Qd7 {[%emt 0:00:11]} 15. Qe2 {[%emt 0:00:17]} Qe6 {[%emt 0:00:02]} 16. Na4 {[%emt 0:00:05]} b6 {[%emt 0:00:04]} 17. Ba3 {[%emt 0:00:05]} c5 {[%emt 0:00:07]} 18. Nc3 {[%emt 0:00:02]} Nc6 {[%emt 0:00:02]} 19. Nd5 {[%emt 0:00:03]} Qf7 {[%emt 0:00:02]} 20. b4 {[%emt 0:00:06]} Nd4 {[%emt 0:00:15]} 21. Nxd4 {[%emt 0:00:03]} cxd4 {[%emt 0:00:01]} 22. c5 {[%emt 0:00:02]} bxc5 {[%emt 0:00:07]} 23. bxc5 {[%emt 0:00:00]} Ne6 {[%emt 0:00:15]} 24. c6 {[%emt 0:00:04]} Nc7 {[%emt 0:00:01]} 25. Qc4 {[%emt 0:00:03]} Be6 {[%emt 0:00:03]} 26. Qc5 {[%emt 0:00:18]} Bf8 {[%emt 0:00:05]} 27. Qa5 {[%emt 0:00:03]} Bxa3 {[%emt 0:00:04]} 28. Nxc7 {[%emt 0:00:03]} Bb2 {[%emt 0:00:08]} 29. Nxa8 {[%emt 0:00:06]} Bxa1 {[%emt 0:00:09]} 30. Rxa1 {[%emt 0:00:04]} Rxa8 {[%emt 0:00:01]} 31. c7 {[%emt 0:00:02]} Rc8 {[%emt 0:00:05]} 32. Rc1 {[%emt 0:00:01]} Bc4 {[%emt 0:00:15]} 33. Bh3 {[%emt 0:00:03]} Rxc7 {[%emt 0:00:08]} 34. Be6 {[%emt 0:00:08]} Bxe6 {[%emt 0:00:17]} 35. Rxc7 {[%emt 0:00:01]} Qe8 {[%emt 0:00:03]} 36. Rxa7 {[%emt 0:00:04]} Qc6 {[%emt 0:00:07]} 37. Qd8+ {[%emt 0:00:02]} 1-0

[Event "RUS-chT Blitz Men 2018"]
[Site "Sochi"]
[Date "2018.10.10"]
[Round "11"]
[White "Linker, Mikhail"]
[Black "Dilmukhametov, Artur"]
[Result "1-0"]
[WhiteElo "2269"]
[BlackElo "2353"]
[Annotator "NA"]
[PlyCount "63"]
[EventDate "2018.10.10"]
[EventType "swiss"]
[EventCountry "RUS"]
[SourceTitle "playchess.com"]
[Source "ChessBase"]
[SourceQuality "1"]
[TimeControl "180+2"]

1. d4 {[%emt 0:00:00]} d5 {[%emt 0:00:00]} 2. c4 {[%emt 0:00:01]} c6 {[%emt 0:00:00]} 3. Nf3 {[%emt 0:00:01]} Nf6 {[%emt 0:00:01]} 4. e3 {[%emt 0:00:01]} a6 {[%emt 0:00:02]} 5. Nc3 {[%emt 0:00:02]} Bf5 {[%emt 0:00:01]} 6. Qb3 {[%emt 0:00:02]} Ra7 {[%emt 0:00:03]} 7. a4 {[%emt 0:00:12]} e6 {[%emt 0:00:03]} 8. a5 {[%emt 0:00:01]} Nbd7 {[%emt 0:00:01]} 9. c5 {[%emt 0:00:01]} Ne4 {[%emt 0:00:07]} 10. Na4 {[%emt 0:00:20]} Qxa5+ {[%emt 0:00:16]} 11. Bd2 {[%emt 0:00:08]} Nxd2 {[%emt 0:00:06]} 12. Nxd2 {[%emt 0:00:01]} Be7 {[%emt 0:00:19]} 13. Bd3 {[%emt 0:00:11]} O-O {[%emt 0:00:12]} 14. Bxf5 {[%emt 0:00:09]} exf5 {[%emt 0:00:01]} 15. O-O {[%emt 0:00:02]} Qxd2 {[%emt 0:00:26]} 16. Nc3 {[%emt 0:00:24]} Qd3 {[%emt 0:00:12]} 17. Ra4 {[%emt 0:00:05]} f4 {[%emt 0:00:03]} 18. e4 {[%emt 0:00:03]} Nxc5 {[%emt 0:01:09]} 19. dxc5 {[%emt 0:00:01]} Bxc5 {[%emt 0:00:01]} 20. Rd1 {[%emt 0:00:10]} Bxf2+ {[%emt 0:00:01]} 21. Kxf2 {[%emt 0:00:01]} Qe3+ {[%emt 0:00:00]} 22. Kf1 {[%emt 0:00:00]} f3 {[%emt 0:00:02]} 23. Qc2 {[%emt 0:00:11]} b5 {[%emt 0:00:11]} 24. Rad4 {[%emt 0:00:07]} fxg2+ {[%emt 0:00:08]} 25. Kxg2 {[%emt 0:00:04]} dxe4 {[%emt 0:00:09]} 26. Qxe4 {[%emt 0:00:05]} Qg5+ {[%emt 0:00:01]} 27. Kh1 {[%emt 0:00:01]} Re7 {[%emt 0:00:02]} 28. Qg2 {[%emt 0:00:02]} Qh5 {[%emt 0:00:03]} 29. Ne4 {[%emt 0:00:13]} Rfe8 {[%emt 0:00:02]} 30. Nf6+ {[%emt 0:00:01]} Kf8 {[%emt 0:00:07]} 31. Nxh5 {[%emt 0:00:02]} Re1+ {[%emt 0:00:01]} 32. Rxe1 {[%emt 0:00:04]} 1-0